000 00774cam a2200229 4500
001 ABS66637
008 030429n2003 000 0 eng u
035 _a(Sirsi) u122123
100 _aHuxley, A.
245 _aAllowance, contingencies and reserves
260 _c2003
490 _aConstruction Economist
_v13(1) March 2003, 10-11(2)
520 _aEstablishes a classification for the terms allowance, contingency and reserve, as used in construction, project and program estimating. Criteria are set out as primary, secondary and subsidiary levels. Table.
590 _aABS
650 _aCONTINGENCIES
650 _aALLOWANCES
650 _aRESERVES
650 _aESTIMATING
650 _aCLASSIFICATION
690 _aQuantity surveying
_96263
942 _n0
999 _c72572
_d72572